00382nam a2200133Ia 450000500170000000800410001702000180005808200180007610000390009424500300013326000440016330000130020765000280022020250405102722.0231217s9999 xx 000 0 und d a9788131420300 a381.JAI;2 R1 aJain, Ravi Kumar B. Sathish, D ed. 0aTrade blocs : reflections c2008bIcfai University pressaHyderabad avii, 174 aTrade,blocs,reflections